|
|
|
|
| LEADER |
00000nab a2200000 a 4500 |
| 001 |
vtls000225692 |
| 003 |
SK-MaSNL |
| 005 |
20260319074737.0 |
| 008 |
160202c1985 xo 0 slo |
| 015 |
|
|
|a SNBRB19rr/mm-uuuuu
|
| 035 |
|
|
|a CL0235806
|
| 040 |
|
|
|a SNKBUCL
|b slo
|c SNKBUCL
|e AACR2
|
| 041 |
0 |
|
|a slo
|
| 044 |
|
|
|a xo
|c SK
|
| 080 |
|
|
|a 630 11
|2 1981
|
| 100 |
1 |
|
|a Juhásová, Gabriela,
|d 1943-2017
|4 aut
|9 98266
|
| 245 |
1 |
0 |
|a Czaka Sarolta, Racz, István: Az örökzöldekröl és a fenyökröl
|c Gabriela Juhásová ; Sarolta Czaka, István Rácz
|
| 650 |
0 |
7 |
|a listnaté dreviny
|2 snkbucl
|9 67406
|
| 650 |
0 |
7 |
|a dreviny ihličnaté
|2 snkbucl
|9 900307
|
| 655 |
|
7 |
|a články z novín a časopisov
|2 snkbucl
|9 267496
|
| 700 |
1 |
|
|a Czáka, Sarolta
|4 aut
|9 938129
|
| 700 |
1 |
|
|a Rácz, István
|4 aut
|9 278679
|
| 773 |
0 |
|
|t Pamiatky príroda
|g Roč. 15, č. 4 (1985), s. na kuléri 7-8
|
| 787 |
0 |
8 |
|i Rec.:
|a Czáka, Sarolta
|t Az örökzöldekröl és a fenyökröl
|d Budapešť : Mezögazfasági kiádo, 1983
|
| 850 |
|
|
|a Slovenská národná knižnica v Martine
|a MTA001
|
| 852 |
|
|
|a SNK
|b KIS3GCP
|
| 958 |
|
|
|a RK
|
| 958 |
|
|
|a HU
|
| 992 |
|
|
|a RBX
|
| 999 |
|
|
|c 1491118
|d 1493048
|